<?xml version="1.0" encoding="UTF-8"?>
<record
    xmlns:xsi="http://www.w3.org/2001/XMLSchema-instance"
    xsi:schemaLocation="http://www.loc.gov/MARC21/slim http://www.loc.gov/standards/marcxml/schema/MARC21slim.xsd"
    xmlns="http://www.loc.gov/MARC21/slim">

  <leader>03280njm a2200505Ia 4500</leader>
  <controlfield tag="001">23856</controlfield>
  <controlfield tag="003">IT-RoPAU</controlfield>
  <controlfield tag="005">20220918181204.0</controlfield>
  <controlfield tag="008">131025s9999    xx            000 0 und d</controlfield>
  <datafield tag="040" ind1=" " ind2=" ">
    <subfield code="a">IT-RoPAU</subfield>
  </datafield>
  <datafield tag="040" ind1=" " ind2=" ">
    <subfield code="c">IT-RoPAU</subfield>
  </datafield>
  <datafield tag="041" ind1=" " ind2=" ">
    <subfield code="a">ITALIANO</subfield>
  </datafield>
  <datafield tag="999" ind1=" " ind2=" ">
    <subfield code="c">103245</subfield>
    <subfield code="d">103245</subfield>
  </datafield>
  <datafield tag="999" ind1=" " ind2=" ">
    <subfield code="b">n.d.</subfield>
  </datafield>
  <datafield tag="100" ind1=" " ind2=" ">
    <subfield code="a">AA.VV.</subfield>
    <subfield code="9">794</subfield>
  </datafield>
  <datafield tag="100" ind1=" " ind2=" ">
    <subfield code="e">Autore musica</subfield>
    <subfield code="9">6665</subfield>
  </datafield>
  <datafield tag="100" ind1=" " ind2=" ">
    <subfield code="g">Codice autore musica SPICS: 12000</subfield>
    <subfield code="9">796</subfield>
  </datafield>
  <datafield tag="245" ind1=" " ind2=" ">
    <subfield code="a">Vecchi ricordi-Celebri canzoni del passato (Lp Sm 3328)</subfield>
  </datafield>
  <datafield tag="250" ind1=" " ind2=" ">
    <subfield code="a">1a ed.</subfield>
  </datafield>
  <datafield tag="260" ind1=" " ind2=" ">
    <subfield code="a">ITALIA</subfield>
  </datafield>
  <datafield tag="260" ind1=" " ind2=" ">
    <subfield code="b">SIGNAL RECORD</subfield>
    <subfield code="c">1970 [1a Ed.:1970]</subfield>
  </datafield>
  <datafield tag="300" ind1=" " ind2=" ">
    <subfield code="a">DISCO</subfield>
  </datafield>
  <datafield tag="500" ind1=" " ind2=" ">
    <subfield code="a">Canzoni italiane del passato tutte composte Iitorno al 1930.</subfield>
  </datafield>
  <datafield tag="505" ind1=" " ind2=" ">
    <subfield code="a">Sulla carrozzella (Milani Bruno) - Il valzer della povera gente (Al Madesi) - Vivere (Lazzari Piero) - Bambina innamorata (Al Madesi) - Parlami d'amore Mari&#xF9; (Al Madesi) - Scettico blues (Al Madesi) - Signora illusione (Al Madesi) - Come pioveva (Al Madesi) - La spagnola (Di Chiara Vincenzo) - Addio, signora (Valli Roberto) - Signorinella (Sandri Carlo) - Addormentarmi cos&#xEC; (Vitale Rosy)</subfield>
  </datafield>
  <datafield tag="511" ind1=" " ind2=" ">
    <subfield code="a">Da Nova Oscar</subfield>
  </datafield>
  <datafield tag="650" ind1=" " ind2=" ">
    <subfield code="a">CANZONE ITALIAN [DISCHI]</subfield>
    <subfield code="e">Codice MATERIA SPICS: 9950</subfield>
    <subfield code="9">6666</subfield>
  </datafield>
  <datafield tag="700" ind1=" " ind2=" ">
    <subfield code="a">Morelli A.</subfield>
    <subfield code="d">Codice autore musica SPICS: 13921</subfield>
    <subfield code="e">Autore musica</subfield>
    <subfield code="p">Sulla carrozzella</subfield>
    <subfield code="9">6667</subfield>
  </datafield>
  <datafield tag="700" ind1=" " ind2=" ">
    <subfield code="a">Filippini Gino</subfield>
    <subfield code="d">Codice autore testo/musica SPICS: 13503</subfield>
    <subfield code="e">Autore testo/musica</subfield>
    <subfield code="p">Sulla carrozzella</subfield>
    <subfield code="9">6668</subfield>
  </datafield>
  <datafield tag="700" ind1=" " ind2=" ">
    <subfield code="a">Spadaro Odoardo</subfield>
    <subfield code="d">Codice autore testo/musica SPICS: 1159</subfield>
    <subfield code="e">Autore testo/musica</subfield>
    <subfield code="p">Il valzer della povera gente</subfield>
    <subfield code="9">6669</subfield>
  </datafield>
  <datafield tag="700" ind1=" " ind2=" ">
    <subfield code="a">Bixio Cesare Andrea</subfield>
    <subfield code="d">Codice autore testo/musica SPICS: 13441</subfield>
    <subfield code="e">Autore testo/musica</subfield>
    <subfield code="p">Vivere - Parlami d'amore Mari&#xF9;</subfield>
    <subfield code="9">6670</subfield>
  </datafield>
  <datafield tag="700" ind1=" " ind2=" ">
    <subfield code="a">Bracchi Alfredo</subfield>
    <subfield code="d">Codice autore musica SPICS: 13448</subfield>
    <subfield code="e">Autore musica</subfield>
    <subfield code="p">Bambina innamorata</subfield>
    <subfield code="9">6671</subfield>
  </datafield>
  <datafield tag="700" ind1=" " ind2=" ">
    <subfield code="a">D'Anzi Giovanni</subfield>
    <subfield code="d">Codice autore testo/musica SPICS: 13458</subfield>
    <subfield code="e">Autore testo/musica</subfield>
    <subfield code="p">Bambina innamorata</subfield>
    <subfield code="9">6672</subfield>
  </datafield>
  <datafield tag="700" ind1=" " ind2=" ">
    <subfield code="a">Neri Ennio</subfield>
    <subfield code="d">Codice autore testo/musica SPICS: 13457</subfield>
    <subfield code="e">Autore testo/musica</subfield>
    <subfield code="p">Parlami d'amore Mari&#xF9; - Addio, signora</subfield>
    <subfield code="9">6673</subfield>
  </datafield>
  <datafield tag="700" ind1=" " ind2=" ">
    <subfield code="a">De Filippis Tommaso</subfield>
    <subfield code="d">Codice autore musica SPICS: 13433</subfield>
    <subfield code="e">Autore musica</subfield>
    <subfield code="p">Scettico blues</subfield>
    <subfield code="9">6674</subfield>
  </datafield>
  <datafield tag="700" ind1=" " ind2=" ">
    <subfield code="a">Rulli Dino</subfield>
    <subfield code="d">Codice autore testo/musica SPICS: 13432</subfield>
    <subfield code="e">Autore testo/musica</subfield>
    <subfield code="p">Scettico blues</subfield>
    <subfield code="9">6675</subfield>
  </datafield>
  <datafield tag="700" ind1=" " ind2=" ">
    <subfield code="a">Cherubini Bixio</subfield>
    <subfield code="d">Codice autore musica SPICS: 13442</subfield>
    <subfield code="e">Autore musica</subfield>
    <subfield code="p">Signora illusione</subfield>
    <subfield code="9">6676</subfield>
  </datafield>
  <datafield tag="700" ind1=" " ind2=" ">
    <subfield code="a">Fragna Armando</subfield>
    <subfield code="d">Codice autore testo/musica SPICS: 13570</subfield>
    <subfield code="e">Autore testo/musica</subfield>
    <subfield code="p">Signora illusione</subfield>
    <subfield code="9">6677</subfield>
  </datafield>
  <datafield tag="700" ind1=" " ind2=" ">
    <subfield code="a">Gill Armando (=Testa Michele)</subfield>
    <subfield code="d">Codice autore testo/musica SPICS: 13460</subfield>
    <subfield code="e">Autore testo/musica</subfield>
    <subfield code="p">Come pioveva</subfield>
    <subfield code="9">6678</subfield>
  </datafield>
  <datafield tag="700" ind1=" " ind2=" ">
    <subfield code="a">Vitale Rosy</subfield>
    <subfield code="d">Codice autore testo/musica SPICS: 13973</subfield>
    <subfield code="e">Autore testo/musica</subfield>
    <subfield code="p">La spagnola</subfield>
    <subfield code="9">6679</subfield>
  </datafield>
  <datafield tag="700" ind1=" " ind2=" ">
    <subfield code="a">Simi Gino</subfield>
    <subfield code="d">Codice autore musica SPICS: 13456</subfield>
    <subfield code="e">Autore musica</subfield>
    <subfield code="p">Addio, signora</subfield>
    <subfield code="9">6680</subfield>
  </datafield>
  <datafield tag="700" ind1=" " ind2=" ">
    <subfield code="a">Valente Nicola</subfield>
    <subfield code="d">Codice autore musica SPICS: 13463</subfield>
    <subfield code="e">Autore musica</subfield>
    <subfield code="p">Signorinella</subfield>
    <subfield code="9">6681</subfield>
  </datafield>
  <datafield tag="700" ind1=" " ind2=" ">
    <subfield code="a">Bovio Libero</subfield>
    <subfield code="d">Codice autore testo/musica SPICS: 13462</subfield>
    <subfield code="e">Autore testo/musica</subfield>
    <subfield code="p">Signorinella</subfield>
    <subfield code="9">6682</subfield>
  </datafield>
  <datafield tag="700" ind1=" " ind2=" ">
    <subfield code="a">Biri (Ferrari Ornella)</subfield>
    <subfield code="d">Codice autore musica SPICS: 13608</subfield>
    <subfield code="e">Autore musica</subfield>
    <subfield code="p">Addormentarmi cos&#xEC;</subfield>
    <subfield code="9">6683</subfield>
  </datafield>
  <datafield tag="700" ind1=" " ind2=" ">
    <subfield code="a">Mascheroni Vittorio</subfield>
    <subfield code="d">Codice autore testo/musica SPICS: 13134</subfield>
    <subfield code="e">Autore testo/musica</subfield>
    <subfield code="p">Addormentarmi cos&#xEC;</subfield>
    <subfield code="9">6684</subfield>
  </datafield>
  <datafield tag="942" ind1=" " ind2=" ">
    <subfield code="c">MD</subfield>
    <subfield code="2">ddc</subfield>
  </datafield>
  <datafield tag="952" ind1=" " ind2=" ">
    <subfield code="0">0</subfield>
    <subfield code="1">0</subfield>
    <subfield code="4">0</subfield>
    <subfield code="6">23856_000000000000000</subfield>
    <subfield code="7">1</subfield>
    <subfield code="a">SPICS</subfield>
    <subfield code="b">SPICS</subfield>
    <subfield code="d">2013-10-25</subfield>
    <subfield code="l">0</subfield>
    <subfield code="o">23856</subfield>
    <subfield code="r">2013-10-25 00:00:00</subfield>
    <subfield code="w">2013-10-25</subfield>
    <subfield code="y">MD</subfield>
    <subfield code="z">Progr. Ins.: 4703 / N.Vol.: 1 / Copie: 1 - Copia rara: n.d. / date import: 01.01.2014 - By Epidotti, Trombetti, Vaglietti</subfield>
  </datafield>
</record>
